000 00376nam a22001577a 4500
003 MPLRDC
005 20220104151807.0
008 210129b ||||| |||| 00| 0 eng d
082 _a177 DHH-25 c.2
100 _a多湖辉
245 _a攻心术
_c林怀卿译
260 _a
_b南华出版社
_c
300 _b
650 _a应用心理学
942 _cBK
_o177 DHH-25 c.2
999 _c52559
_d52549